Handbook of Meteorological Instruments Part 2 (Record no. 9335)

000 -LEADER
fixed length control field 00325nam a2200133Ia 4500
008 - FIXED-LENGTH DATA ELEMENTS--GENERAL INFORMATION
fixed length control field 200103s9999||||xx |||||||||||||| ||und||
082 ## - DEWEY DECIMAL CLASSIFICATION NUMBER
Classification number Column-46
100 ## - MAIN ENTRY--PERSONAL NAME
Personal name HMSO, London
245 #0 - TITLE STATEMENT
Title Handbook of Meteorological Instruments Part 2
260 ## - PUBLICATION, DISTRIBUTION, ETC. (IMPRINT)
Name of publisher, distributor, etc HMSO, London
Date of publication, distribution, etc 1961
300 ## - PHYSICAL DESCRIPTION
Extent ix, 209
942 ## - ADDED ENTRY ELEMENTS (KOHA)
Item type Books
Holdings
Withdrawn status Lost status Damaged status Not for loan Shelving location Date acquired Barcode Date last seen Koha item type
          2020-01-08 LBS3444 2020-01-08 Books
Copyright © 2021 Indian Maritime University, Mumbai Port Campus. All Rights Reserved. Managed & Maintained by Central Library, IMU-Mumbai

webs counters

Powered by Koha